| 000 | 00662nam a2200217 4500 | ||
|---|---|---|---|
| 001 | 146007 | ||
| 003 | ES-MaACL | ||
| 005 | 20240529062947.0 | ||
| 007 | t| | ||
| 008 | 071018s1962 sp ||||1| spa d | ||
| 080 | _a821.134.2-23"16" | ||
| 080 | _a821.134.2-122"16" | ||
| 100 | 1 |
_aVega, Lope de, _d1562-1635 _9113563 |
|
| 245 | 1 | 0 |
_aPeribáñez y el comendador de Ocaña / _cLope de Vega ; edición, estudio y notas de José Manuel Blecua. |
| 250 | _a6ª ed. ilustrada. | ||
| 260 |
_aZaragoza : _bEbro, _c[1962] |
||
| 300 |
_a134 p. : _bil. ; _c18 cm. |
||
| 700 | 0 |
_aBlecua, José Manuel. _929459 |
|
| 852 | 4 |
_aES-MaACL _jC-21058 |
|
| 999 |
_c146007 _d146007 |
||